• 首页
  • 本馆介绍
  • 公告通知
  • 最新文献
  • 馆藏检索
  • 电子资源
  • 读者导购
  • 参考咨询
  • 我的图书馆
  • 登录
  • 详细信息显示
  • 放入我的书架
  • 预约/预借图书
  • 作者相关作品
  • 分类相关作品
  • 丛书相关作品
  • 出版社相关作品

书目信息

  • 表格格式
  • 工作单格式
  • 卡片格式
题名:
斯大林与中国
    
 
作者: 列多夫斯基 著 ;陈春华 译
分册:  
出版信息: 北京   新华出版社  2001.01
页数: 402页
开本: 19cm
丛书名:
单 册:
中图分类: D329.512
科图分类:
主题词: 政治
电子资源:
ISBN: 7-5011-5111-3
000 00681nam0 2200217 450
001 0746721653
005 20071215133331.67
010    @a7-5011-5111-3@dCNY25.00
100    @a20071202d2001 km y0chiy0120 ea
101 0  @achi
102    @aCN@b110000
200 1  @a斯大林与中国@Asi da lin yu zhong guo@f(俄)列多夫斯基著@F(e)lie duo fu si ji zhu@g陈春华等译@Gchen chun hua deng yi
210    @a北京@c新华出版社@d2001.01
215    @a402页@d19cm
606 0  @a政治
690    @aD329.512@v4
701  0 @a列多夫斯基@Alie duo fu si ji@4著
702  0 @a陈春华@Achen chun hua@4译
801  0 @aCN@b大连网信软件有限公司图书馆@c20071215
905    @aBZT@dD329.512@e1
906    @dCNY25.00@n0@r1
    
    斯大林与中国/(俄)列多夫斯基著/陈春华等译.-北京:新华出版社,2001.01
    402页;19cm
    
    
    ISBN 7-5011-5111-3:CNY25.00
    
●
相关链接 在五车中查询图书 在当当中查询图书 在豆瓣中查询图书


正题名:斯大林与中国     索取号:D329.512/1         预约/预借

序号 登录号 条形码 馆藏地/架位号 状态 备注
1 599869   2000599869   中心书库南/011架A面2层2列/ [索取号:D329.512/1] 在馆    
2 599870   2000599870   中心书库南/011架A面2层2列/ [索取号:D329.512/1] 在馆    
3 599871   2000599871   中心书库南/011架A面2层2列/ [索取号:D329.512/1] 在馆    
4 599872   2000599872   中心书库南/011架A面2层2列/ [索取号:D329.512/1] 在馆    
5 599873   2000599873   中心书库南/011架A面2层2列/ [索取号:D329.512/1] 在馆    
6 599875   2000599875   中心书库南/011架A面2层2列/ [索取号:D329.512/1] 在馆    
7 599876   2000599876   中心书库南/010架B面6层8列/ [索取号:D329.512/1] 在馆    
8 599877   2000599877   中心书库南/011架A面2层2列/ [索取号:D329.512/1] 在馆    
9 599878   2000599878   中心书库南/011架A面2层2列/ [索取号:D329.512/1] 在馆    
山东省滨州职业学院图书馆 欢迎您!
大连网信软件有限公司© 版权所有